[Event "Hotel Montesano Open A"]
[Site "Villa San Giovanni ITA"]
[Date "2005.08.14"]
[Round "8"]
[White "Hirneise, Jens"]
[Black "Pegoraro, Nicola"]
[Result "0-1"]
[WhiteElo "2001"]
[BlackElo "2085"]
[PlyCount "140"]
[EventDate "2005.08.07"]

1.e4 c5 2.Nf3 d6 3.d4 cxd4 4.Nxd4 Nf6 5.Nc3 a6 6.Be3 e5 7.Nb3 Be6 8.f3 
Nbd7 9.Qd2 b5 10.a4 b4 11.Nd5 Bxd5 12.exd5 a5 13.g4 Be7 14.O-O-O Nb6 15.
Bb5+ Kf8 16.Bxb6 Qxb6 17.Bc6 Ra7 18.h4 Bd8 19.Rde1 Re7 20.h5 h6 21.g5 hxg5
22.Qxg5 Nh7 23.Qf5 Rc7 24.f4 Bf6 25.Qd3 Ra7 26.Qf5 Rc7 27.Re4 Kg8 28.Nd2 
Rxc6 29.dxc6 Qxc6 30.Nc4 Qxa4 31.Rd1 Nf8 32.Rxd6 Qa1+ 33.Kd2 Qh1 34.Re1 
Qh2+ 35.Re2 Qxf4+ 36.Qxf4 exf4 37.Rd5 Ne6 38.Rxa5 Kh7 39.c3 Rc8 40.Ne5 
bxc3+ 41.bxc3 f3 42.Rf2 Nc5 43.Rxc5 Rxc5 44.Nxf3 Bxc3+ 45.Kd3 Bf6 46.Nh2 
Rg5 47.Rf3 Be5 48.Nf1 f6 49.Ne3 Rxh5 50.Ke4 g6 51.Rf1 Rh4+ 52.Kd5 Rd4+ 53.
Ke6 Re4 54.Kf7 Rh4 55.Ng4 g5 56.Rg1 Bd4 57.Nxf6+ Kh6 58.Ng8+ Kh5 59.Nf6+ 
Bxf6 60.Kxf6 Rf4+ 61.Ke5 Rf3 62.Ke4 g4 63.Rh1+ Kg5 64.Rh2 Rf1 65.Rh8 Re1+ 
66.Kd3 g3 67.Kd2 Re5 68.Rg8+ Kf4 69.Rf8+ Kg4 70.Rh8 g2 0-1

[Event "Hotel Montesano Open A"]
[Site "Villa San Giovanni ITA"]
[Date "2005.08.14"]
[Round "8"]
[White "Hirneise, Tobias"]
[Black "Manca, Federico"]
[Result "1/2-1/2"]
[WhiteElo "2131"]
[BlackElo "2390"]
[PlyCount "50"]
[EventDate "2005.08.07"]

1.e4 d6 2.d4 Nf6 3.Nc3 g6 4.g3 Bg7 5.Bg2 O-O 6.Nge2 e5 7.h3 exd4 8.Nxd4 
Re8 9.O-O Nc6 10.Be3 Bd7 11.Re1 a6 12.f4 Na5 13.Bf2 c5 14.Nf3 Bc6 15.e5 
dxe5 16.Qxd8 Raxd8 17.Nxe5 Bxg2 18.Kxg2 Rd2 19.Rac1 c4 20.Red1 Red8 21.
Rxd2 Rxd2 22.Nb1 Rd5 23.Nc3 Rd2 24.Nb1 Rd5 25.Nc3 Rd2 1/2-1/2

[Event "Hotel Montesano Open A"]
[Site "Villa San Giovanni ITA"]
[Date "2005.08.14"]
[Round "8"]
[White "Naumkin, Igor"]
[Black "Lazarev, Vladimir"]
[Result "1/2-1/2"]
[WhiteElo "2444"]
[BlackElo "2518"]
[PlyCount "59"]
[EventDate "2005.08.07"]

1.d4 d5 2.c4 dxc4 3.Nf3 Nf6 4.e3 e6 5.Bxc4 c5 6.O-O a6 7.a4 Nc6 8.Qe2 Qc7 
9.Nc3 Bd6 10.h3 O-O 11.Rd1 b6 12.d5 exd5 13.Bxd5 Bb7 14.b3 Rad8 15.Bb2 Nd4
16.exd4 Nxd5 17.Nxd5 Bxd5 18.dxc5 Bxc5 19.Rd3 Rfe8 20.Qc2 Qe7 21.Qc3 f6 
22.Re1 Be6 23.Nd4 Bxd4 24.Rxd4 Rxd4 25.Qxd4 Qc5 26.Qd3 b5 27.Qg3 Qf8 28.
axb5 axb5 29.Re3 Qf7 30.b4 1/2-1/2

[Event "Hotel Montesano Open A"]
[Site "Villa San Giovanni ITA"]
[Date "2005.08.14"]
[Round "8"]
[White "Nicoletti, Francesco"]
[Black "Sardo, Gabriele"]
[Result "1-0"]
[WhiteElo "1903"]
[BlackElo "2222"]
[PlyCount "35"]
[EventDate "2005.08.07"]

1.Nf3 Nf6 2.c4 c5 3.Nc3 Nc6 4.e3 g6 5.d4 cxd4 6.exd4 d5 7.Bg5 Bg7 8.cxd5 
Nxd5 9.Bc4 Be6 10.Qb3 Nxc3 11.Bxe6 Nxd4 12.Bxf7+ Kf8 13.Nxd4 Qxd4 14.O-O 
Ne2+ 15.Kh1 Qxb2 16.Qe6 Qa3 17.Rae1 Qc5 18.f4 1-0

[Event "Hotel Montesano Open A"]
[Site "Villa San Giovanni ITA"]
[Date "2005.08.14"]
[Round "8"]
[White "Panarello, Giuseppe"]
[Black "Sgro', Ezio"]
[Result "0-1"]
[WhiteElo "2006"]
[BlackElo "1826"]
[PlyCount "74"]
[EventDate "2005.08.07"]

1.d4 Nf6 2.c4 d6 3.Nc3 g6 4.e4 Bg7 5.Be2 O-O 6.g4 c5 7.d5 e6 8.g5 Ne8 9.
Bd3 f5 10.Nge2 exd5 11.exd5 Nd7 12.f4 a6 13.Bc2 b5 14.Qd3 bxc4 15.Qf3 Nc7 
16.h4 Nb5 17.Nxb5 axb5 18.h5 Re8 19.Kf1 Nb6 20.Bd2 b4 21.hxg6 hxg6 22.Nc3 
Bd7 23.Rh2 Kf7 24.Kg2 Rh8 25.Rah1 Rxh2+ 26.Rxh2 Qg8 27.Nd1 Rxa2 28.Ne3 
Rxb2 29.Kg3 c3 30.Bc1 Ra2 31.Bxf5 Rxh2 32.Bxd7 Qh8 33.Qg4 Qh4+ 34.Qxh4 
Rxh4 35.Be6+ Kf8 36.Kxh4 b3 37.Nd1 b2 0-1

[Event "Hotel Montesano Open A"]
[Site "Villa San Giovanni ITA"]
[Date "2005.08.14"]
[Round "8"]
[White "Rosolia, Giuseppe"]
[Black "Pattarello, Pierluigi"]
[Result "1-0"]
[WhiteElo "1829"]
[BlackElo "2006"]
[PlyCount "69"]
[EventDate "2005.08.07"]

1.d4 Nf6 2.Nf3 e6 3.Bf4 d5 4.e3 c5 5.c3 Nc6 6.Nbd2 Bd6 7.Bxd6 Qxd6 8.Bb5 
Bd7 9.O-O O-O 10.Bxc6 Bxc6 11.Ne5 Nd7 12.Ndf3 f6 13.Nxc6 bxc6 14.Qc2 cxd4 
15.cxd4 c5 16.Rac1 Rfc8 17.Rfd1 cxd4 18.Qxc8+ Rxc8 19.Rxc8+ Kf7 20.Nxd4 
Ne5 21.Rdc1 Nc4 22.b3 Qa3 23.Ne2 Ne5 24.R1c7+ Kg6 25.Rg8 Nf7 26.Nf4+ Kh6 
27.h4 d4 28.Rxf7 Qc1+ 29.Kh2 e5 30.Ne6 Qd2 31.Rgxg7 Qxf2 32.Rxh7+ Kg6 33.
e4 Qxh4+ 34.Rxh4 Kxf7 35.Nc5 1-0

[Event "Hotel Montesano Open A"]
[Site "Villa San Giovanni ITA"]
[Date "2005.08.14"]
[Round "8"]
[White "Safranska, Anda"]
[Black "Armentano, Alessio"]
[Result "1-0"]
[WhiteElo "2291"]
[BlackElo "2092"]
[PlyCount "47"]
[EventDate "2005.08.07"]

1.e4 e5 2.Nf3 Nc6 3.Bc4 Bc5 4.c3 Nf6 5.d3 h6 6.h3 d6 7.Nbd2 a6 8.Bb3 O-O 
9.Nf1 Ba7 10.Ng3 Ne7 11.O-O Be6 12.d4 Ng6 13.Bc2 c6 14.Be3 Qc7 15.Re1 Rfe8
16.Qd2 Kh7 17.Nf5 Ne7 18.Nxg7 Rg8 19.Nxe6 fxe6 20.Bxh6 Qd7 21.dxe5 dxe5 
22.Nxe5 Qc7 23.Bf4 Rad8 24.Qe2 1-0

[Event "Hotel Montesano Open A"]
[Site "Villa San Giovanni ITA"]
[Date "2005.08.14"]
[Round "8"]
[White "Todarello, Giovanni"]
[Black "Cordi', Domenico"]
[Result "0-1"]
[WhiteElo "1807"]
[BlackElo "2086"]
[PlyCount "42"]
[EventDate "2005.08.07"]

1.e4 e5 2.Nf3 d6 3.d4 Nd7 4.dxe5 dxe5 5.Bc4 c6 6.O-O Be7 7.Qe2 Qc7 8.Rd1 
h6 9.h3 Ngf6 10.Nc3 O-O 11.a3 b5 12.Ba2 Nc5 13.Be3 a5 14.Nh4 Rb8 15.Ng6 b4
16.Nxf8 bxc3 17.Qc4 Bxf8 18.Bxc5 cxb2 19.Rab1 Be6 20.Qd3 Bxa2 21.Bxf8 Kxf8
0-1

[Event "Hotel Montesano Open A"]
[Site "Villa San Giovanni ITA"]
[Date "2005.08.14"]
[Round "8"]
[White "Tomaselli, Maurizio"]
[Black "Falcomata', Gesualdo"]
[Result "0-1"]
[WhiteElo "2065"]
[BlackElo "1918"]
[PlyCount "80"]
[EventDate "2005.08.07"]

1.d4 Nf6 2.c4 g6 3.Nc3 Bg7 4.e4 d6 5.Nf3 Nbd7 6.e5 dxe5 7.dxe5 Ng4 8.e6 
fxe6 9.Ng5 Nde5 10.Qxd8+ Kxd8 11.f4 h6 12.fxe5 hxg5 13.Bxg5 Bxe5 14.Rd1+ 
Bd7 15.Ne4 Ke8 16.Bd3 Bc6 17.b4 a6 18.Nc5 Kf7 19.O-O+ Nf6 20.h4 b6 21.Nxe6
Kxe6 22.Rfe1 Rad8 23.Bf4 Ne4 24.Bxe5 Kxe5 25.Re3 Rd4 26.g3 Rhd8 27.Kh2 
R8d6 28.c5 Rf6 29.cxb6 cxb6 30.a3 Rfd6 31.Rc1 Rxd3 32.Rxd3 Rxd3 33.Rxc6 
Rd6 34.Rc7 Ke6 35.Kg2 Nf6 36.Ra7 b5 37.Ra8 Nd5 38.Kf3 Ke5 39.Kg4 Nf6+ 40.
Kg5 Ne4+ 0-1

[Event "Hotel Montesano Open A"]
[Site "Villa San Giovanni ITA"]
[Date "2005.08.14"]
[Round "8"]
[White "Xia, Jie"]
[Black "Mihalj, Miroslav M."]
[Result "0-1"]
[WhiteElo "2121"]
[BlackElo "2298"]
[PlyCount "52"]
[EventDate "2005.08.07"]

1.e4 c5 2.Nf3 d6 3.d4 Nf6 4.Nc3 cxd4 5.Nxd4 a6 6.Be2 e5 7.Nb3 Be7 8.O-O 
O-O 9.a4 Be6 10.f4 Qc7 11.Be3 Nbd7 12.f5 Bc4 13.Nd2 Bxe2 14.Qxe2 Qc6 15.
Qf3 b5 16.g4 b4 17.Nd5 Nxd5 18.exd5 Qxc2 19.Ne4 Rac8 20.Rf2 Qb3 21.Rd1 Nf6
22.Nxf6+ Bxf6 23.g5 e4 24.Qxe4 Qxd1+ 25.Rf1 Rce8 26.Qg2 Qd3 0-1

[Event "Hotel Montesano Open A"]
[Site "Villa San Giovanni ITA"]
[Date "2005.08.15"]
[Round "9"]
[White "Altieri, Danilo Mario"]
[Black "Forlano, Luigi"]
[Result "0-1"]
[WhiteElo "2012"]
[BlackElo "1909"]
[PlyCount "98"]
[EventDate "2005.08.07"]

1.d4 d5 2.Nf3 c6 3.c3 Bg4 4.Bf4 Bxf3 5.exf3 Nd7 6.Nd2 e6 7.Bd3 Ngf6 8.Be5 
Nxe5 9.dxe5 Nd7 10.f4 g6 11.Nf3 b5 12.Qc2 Bh6 13.g3 Qc7 14.h4 Nc5 15.h5 
Nxd3+ 16.Qxd3 a6 17.Nh2 O-O-O 18.Ng4 Bg7 19.a4 Kb7 20.axb5 axb5 21.h6 Bf8 
22.Ke2 Be7 23.Ra2 Ra8 24.Rha1 Qb6 25.Rxa8 Rxa8 26.Rxa8 Kxa8 27.Qe3 Kb7 28.
Qxb6+ Kxb6 29.Kd3 b4 30.cxb4 Kb5 31.Kc3 Bxb4+ 32.Kb3 Be7 33.Nh2 Bf8 34.Ng4
Be7 35.Nh2 c5 36.Nf3 c4+ 37.Kc3 Kc5 38.g4 Bd8 39.b4+ cxb3 40.Kxb3 d4 41.
Nd2 Kd5 42.f3 g5 43.fxg5 Bxg5 44.Ne4 Be7 45.Nf6+ Bxf6 46.exf6 e5 47.g5 Ke6
48.Kc4 Kf5 49.f4 exf4 0-1

[Event "Hotel Montesano Open A"]
[Site "Villa San Giovanni ITA"]
[Date "2005.08.15"]
[Round "9"]
[White "Ammendolea, Massimo"]
[Black "Blandini, Carmelo"]
[Result "0-1"]
[WhiteElo "1871"]
[BlackElo "1929"]
[PlyCount "104"]
[EventDate "2005.08.07"]

1.e4 e6 2.d3 d5 3.Nd2 c5 4.Ngf3 Nc6 5.g3 Qc7 6.Bg2 Bd6 7.O-O Nge7 8.Re1 
O-O 9.Nf1 b5 10.Qe2 Rb8 11.e5 Nxe5 12.Nxe5 f6 13.Nf3 e5 14.h4 a5 15.a4 b4 
16.N1d2 Bg4 17.Qf1 Rfe8 18.Bh3 Bc8 19.Bxc8 Rbxc8 20.Qh3 Nc6 21.h5 Nd4 22.
Nxd4 cxd4 23.Qg4 Qxc2 24.h6 Bf8 25.hxg7 Bxg7 26.Qf5 Qc6 27.Nb3 Ra8 28.Kg2 
Qe6 29.Qxe6+ Rxe6 30.Nxd4 Ree8 31.Nf5 Bf8 32.Bd2 Rac8 33.Rac1 e4 34.dxe4 
Rxc1 35.Rxc1 Rxe4 36.Rc8 Kf7 37.Rc7+ Ke6 38.Ne3 d4 39.Nc4 Be7 40.Kf3 f5 
41.Ra7 d3 42.Rxa5 Rxc4 43.Rb5 Rc2 44.Bxb4 Bxb4 45.Rxb4 Re2 46.a5 Re5 47.
Rb6+ Kd7 48.Rb7+ Kc8 49.Rxh7 d2 50.Kf4 Re1 51.a6 d1=Q 52.a7 Qg4# 0-1

[Event "Hotel Montesano Open A"]
[Site "Villa San Giovanni ITA"]
[Date "2005.08.15"]
[Round "9"]
[White "Armentano, Alessio"]
[Black "Dini, Andrea"]
[Result "1-0"]
[WhiteElo "2092"]
[BlackElo "1875"]
[PlyCount "55"]
[EventDate "2005.08.07"]

1.e4 c5 2.Nc3 Nc6 3.g3 g6 4.Bg2 Bg7 5.d3 d6 6.f4 e6 7.Nf3 Nge7 8.O-O O-O 
9.Be3 Nd4 10.Rb1 f5 11.Ne2 Nec6 12.c3 Nxf3+ 13.Bxf3 e5 14.Qd2 Be6 15.b3 
Rc8 16.Kh1 b6 17.d4 cxd4 18.cxd4 Ne7 19.d5 Bf7 20.g4 fxe4 21.Bxe4 Qd7 22.
f5 Be8 23.Ng3 b5 24.Bg5 gxf5 25.gxf5 Bf6 26.Bxf6 Rxf6 27.Qg5+ Kf7 28.Nh5 
1-0

[Event "Hotel Montesano Open A"]
[Site "Villa San Giovanni ITA"]
[Date "2005.08.15"]
[Round "9"]
[White "Cavallini, Gianfranco"]
[Black "Xia, Jie"]
[Result "0-1"]
[WhiteElo "2005"]
[BlackElo "2121"]
[PlyCount "86"]
[EventDate "2005.08.07"]

1.b3 Nf6 2.Bb2 g6 3.c4 Bg7 4.g3 c5 5.Bg2 Nc6 6.e3 d6 7.Nc3 Bg4 8.Bxc6+ 
bxc6 9.f3 Bd7 10.Ne4 O-O 11.Ne2 Qb8 12.Bxf6 exf6 13.N2c3 f5 14.Nf2 Qb7 15.
Rc1 Rfe8 16.O-O Rac8 17.Nd3 Qa6 18.Qc2 Qa5 19.Na4 Qd8 20.Nf4 Qg5 21.Qd3 
Qf6 22.Rc2 h5 23.Ng2 Rcd8 24.f4 Bc8 25.Qe2 Bb7 26.Qf2 Qe7 27.Re1 Rc8 28.
Rec1 Rc7 29.Qf1 Rec8 30.b4 cxb4 31.c5 d5 32.d4 Ra8 33.Qd3 a5 34.Nb6 Ba6 
35.Qb3 Raa7 36.a3 bxa3 37.Ra2 Qe4 38.Rxa3 Bb5 39.Kf2 Re7 40.Nc8 Bxd4 41.
Nxe7+ Rxe7 42.exd4 Qxd4+ 43.Ne3 Qd2+ 0-1

[Event "Hotel Montesano Open A"]
[Site "Villa San Giovanni ITA"]
[Date "2005.08.15"]
[Round "9"]
[White "Falcomata', Gesualdo"]
[Black "Hirneise, Jens"]
[Result "1/2-1/2"]
[WhiteElo "1918"]
[BlackElo "2001"]
[PlyCount "27"]
[EventDate "2005.08.07"]

1.c4 Nf6 2.Nf3 g6 3.Nc3 Bg7 4.g3 O-O 5.Bg2 d6 6.d4 Nbd7 7.O-O e5 8.dxe5 
Nxe5 9.Nxe5 dxe5 10.Qxd8 Rxd8 11.Bg5 Re8 12.Nb5 Re7 13.Rad1 Bg4 14.Bxb7 
1/2-1/2

[Event "Hotel Montesano Open A"]
[Site "Villa San Giovanni ITA"]
[Date "2005.08.15"]
[Round "9"]
[White "Gangemi, Salvatore"]
[Black "Rosolia, Giuseppe"]
[Result "1/2-1/2"]
[WhiteElo "2104"]
[BlackElo "1829"]
[PlyCount "102"]
[EventDate "2005.08.07"]

1.c4 Nf6 2.Nf3 g6 3.g3 Bg7 4.Bg2 d6 5.Nc3 O-O 6.O-O Nc6 7.d3 e5 8.h3 Bd7 
9.e4 Nh5 10.Nh4 Ne7 11.Be3 c6 12.Qd2 f5 13.exf5 gxf5 14.Bg5 f4 15.Qe2 Nf6 
16.Ne4 Nxe4 17.Qxe4 fxg3 18.fxg3 d5 19.cxd5 cxd5 20.Qb4 Re8 21.Qd2 Qb6+ 
22.Kh2 Qd6 23.Rf2 h6 24.Bxe7 Rxe7 25.Raf1 Rf8 26.Rxf8+ Bxf8 27.Qa5 e4 28.
dxe4 Rg7 29.Qxd5+ Qxd5 30.exd5 Bd6 31.Rf3 Rf7 32.Bf1 Be7 33.Bc4 Bd6 34.Kg2
Kg7 35.Bd3 Be5 36.b3 Rf6 37.Rxf6 Kxf6 38.g4 Bf4 39.Kf3 Bg5 40.Ng2 Ke5 41.
Be4 h5 42.d6 hxg4+ 43.hxg4 b6 44.Bf5 Bxf5 45.gxf5 Kxf5 46.Ne3+ Bxe3 47.
Kxe3 Ke6 48.Ke4 a6 49.d7 Kxd7 50.Kd5 b5 51.a3 Kc7 1/2-1/2

[Event "Hotel Montesano Open A"]
[Site "Villa San Giovanni ITA"]
[Date "2005.08.15"]
[Round "9"]
[White "Genocchio, Daniele"]
[Black "Drazic, Sinisa"]
[Result "1/2-1/2"]
[WhiteElo "2306"]
[BlackElo "2497"]
[PlyCount "84"]
[EventDate "2005.08.07"]

1.e4 c6 2.Nc3 d5 3.d4 h6 4.exd5 cxd5 5.Bf4 a6 6.Bd3 Nc6 7.Nf3 Bg4 8.h3 
Bxf3 9.Qxf3 e6 10.Ne2 Nb4 11.O-O Ne7 12.Rfe1 Nxd3 13.Qxd3 Nc6 14.c3 Be7 
15.Qg3 Bf6 16.Nc1 g6 17.Nd3 Bg7 18.Nc5 O-O 19.b4 b5 20.a4 Re8 21.Bc7 Qe7 
22.Re2 bxa4 23.Bd6 Qd8 24.Rxa4 Na7 25.Rxa6 Nb5 26.Rea2 Rxa6 27.Rxa6 Qg5 
28.Qxg5 hxg5 29.Na4 Nxd6 30.Rxd6 Ra8 31.Nb6 Ra3 32.Rc6 e5 33.Rc8+ Kh7 34.
Nxd5 exd4 35.cxd4 Bxd4 36.Rc2 Rd3 37.Kf1 Be5 38.Ne3 Rb3 39.Nc4 Rb1+ 40.Ke2
Rxb4 41.Nxe5 Re4+ 42.Kf3 Rxe5 1/2-1/2

[Event "Hotel Montesano Open A"]
[Site "Villa San Giovanni ITA"]
[Date "2005.08.15"]
[Round "9"]
[White "Grimaldi, Fabio"]
[Black "Aliferopulos, Andrea"]
[Result "1/2-1/2"]
[WhiteElo "1844"]
[BlackElo "1909"]
[PlyCount "105"]
[EventDate "2005.08.07"]

1.e4 e5 2.Nf3 Nc6 3.Bc4 Nf6 4.Ng5 d5 5.exd5 Na5 6.Bb5+ c6 7.dxc6 bxc6 8.
Be2 h6 9.Nf3 e4 10.Ne5 Qd4 11.Ng4 Nxg4 12.Bxg4 Bc5 13.O-O e3 14.Bxc8 exf2+
15.Kh1 Rxc8 16.Qf3 O-O 17.c3 Qh4 18.d4 Bd6 19.g3 Qh3 20.Qxf2 Bxg3 21.Qg2 
Qxg2+ 22.Kxg2 Bd6 23.Nd2 Rfe8 24.b4 Nb7 25.Nc4 Re2+ 26.Rf2 Rxf2+ 27.Kxf2 
Bxh2 28.Bd2 Re8 29.a4 a6 30.Re1 Rxe1 31.Bxe1 f6 32.Nb6 Bc7 33.Nd7 Kf7 34.
Nc5 Nxc5 35.dxc5 Ke6 36.c4 h5 37.b5 cxb5 38.axb5 axb5 39.cxb5 Be5 40.Ke2 
Kd5 41.Bf2 h4 42.c6 Bb8 43.Ba7 Be5 44.Bb6 Kc4 45.c7 Bxc7 46.Bxc7 Kxb5 47.
Bd8 Kc6 48.Kf3 Kd7 49.Bb6 Kc6 50.Bf2 g5 51.Kg4 Kd5 52.Kf5 h3 53.Bg3 
1/2-1/2

[Event "Hotel Montesano Open A"]
[Site "Villa San Giovanni ITA"]
[Date "2005.08.15"]
[Round "9"]
[White "Manca, Federico"]
[Black "Calzetta Ruiz, Monica"]
[Result "1/2-1/2"]
[WhiteElo "2390"]
[BlackElo "2282"]
[PlyCount "41"]
[EventDate "2005.08.07"]

1.e4 c5 2.c3 d6 3.d4 Nf6 4.Bd3 e5 5.dxe5 dxe5 6.Nf3 Nc6 7.O-O Be7 8.Qe2 
O-O 9.Rd1 Qc7 10.Nbd2 h6 11.Nf1 Rd8 12.Ne3 Be6 13.b3 Rd7 14.Bb2 Rad8 15.
Rd2 Nh5 16.g3 g6 17.Rad1 a6 18.Bb1 Nf6 19.Nh4 Rxd2 20.Rxd2 Rxd2 21.Qxd2 
1/2-1/2

[Event "Hotel Montesano Open A"]
[Site "Villa San Giovanni ITA"]
[Date "2005.08.15"]
[Round "9"]
[White "Panarello, Giuseppe"]
[Black "Todarello, Giovanni"]
[Result "1-0"]
[WhiteElo "2006"]
[BlackElo "1807"]
[PlyCount "89"]
[EventDate "2005.08.07"]

1.d4 d5 2.e3 Nf6 3.Bd3 c5 4.c3 e6 5.f4 Nc6 6.Nd2 cxd4 7.exd4 Bd6 8.Qf3 Qc7
9.Ne2 h6 10.h3 Qe7 11.Nf1 Rg8 12.h4 h5 13.Ne3 g6 14.Ng1 Ng4 15.g3 Nh6 16.
Nh3 Nf5 17.Nxf5 exf5+ 18.Kf2 Be6 19.Ng5 O-O-O 20.Re1 Rge8 21.Bd2 Qf6 22.
Be3 Kb8 23.Qd1 Bc7 24.Bb5 Bd7 25.Nf3 Ne7 26.Bd3 Nc8 27.Qb3 Nd6 28.Ne5 Ne4+
29.Kg2 Ka8 30.Nxd7 Rxd7 31.Bb5 Rde7 32.Bxe8 Rxe8 33.Qxd5 Qe7 34.a4 f6 35.
a5 Rd8 36.Qc4 Rc8 37.a6 Nd6 38.axb7+ Nxb7 39.d5 Qe4+ 40.Qxe4 fxe4 41.Rxa7+
Kb8 42.Rea1 Bd6 43.Ra8+ Kc7 44.Rxc8+ Kxc8 45.c4 1-0

[Event "Hotel Montesano Open A"]
[Site "Villa San Giovanni ITA"]
[Date "2005.08.15"]
[Round "9"]
[White "Rombaldoni, Denis"]
[Black "Nicoletti, Francesco"]
[Result "1-0"]
[WhiteElo "2327"]
[BlackElo "1903"]
[PlyCount "115"]
[EventDate "2005.08.07"]

1.d4 d5 2.c4 c6 3.Nf3 e6 4.e3 Nf6 5.Nc3 Nbd7 6.Qc2 Bd6 7.g4 Bb4 8.Bd2 Qe7 
9.Rg1 Bxc3 10.Bxc3 Ne4 11.Bd3 Nxc3 12.Qxc3 dxc4 13.Bxc4 Nf6 14.a3 Ne4 15.
Qc2 Ng5 16.Nxg5 Qxg5 17.f4 Qh4+ 18.Rg3 Qe7 19.O-O-O Bd7 20.e4 O-O-O 21.Rb3
Kb8 22.Qf2 Ka8 23.Kb1 h5 24.g5 g6 25.Rc1 Rc8 26.Bf1 Rc7 27.Bg2 Rd8 28.e5 
Bc8 29.a4 Qd7 30.Rc4 c5 31.Qc2 Kb8 32.Rbc3 b6 33.dxc5 Ba6 34.Qe4 Qd1+ 35.
Rc1 Qd3+ 36.Qxd3 Rxd3 37.Rb4 Rd2 38.Be4 Bb7 39.c6 Ba6 40.Rc2 Bd3 41.Bxd3 
Rxd3 42.Rbc4 Rd5 43.Kc1 Rc8 44.Rd2 Rxd2 45.Kxd2 Rd8+ 46.Kc2 Kc7 47.b4 Rd5 
48.b5 Rd8 49.Kc3 Rd1 50.Re4 Rh1 51.Rd4 Rxh2 52.Rd7+ Kc8 53.Rxa7 Ra2 54.Kb3
Ra1 55.Kb2 Rf1 56.a5 Rf2+ 57.Kc3 Rf3+ 58.Kd2 1-0

[Event "Hotel Montesano Open A"]
[Site "Villa San Giovanni ITA"]
[Date "2005.08.15"]
[Round "9"]
[White "Santagati, Alessandro"]
[Black "Rombaldoni, Axel"]
[Result "0-1"]
[WhiteElo "2092"]
[BlackElo "2137"]
[PlyCount "74"]
[EventDate "2005.08.07"]

1.d4 d5 2.c4 e6 3.Nc3 c6 4.e4 dxe4 5.Nxe4 Bb4+ 6.Bd2 Qxd4 7.Bxb4 Qxe4+ 8.
Ne2 b6 9.Qd6 c5 10.O-O-O Bd7 11.Bc3 f6 12.Nd4 cxd4 13.Bb4 Kd8 14.Qf8+ Kc7 
15.Bd3 Qc6 16.Qxg7 Na6 17.Ba3 Nh6 18.Qxh6 e5 19.f3 Rae8 20.Kb1 Nc5 21.Bxc5
bxc5 22.Be4 Qb6 23.Bd5 f5 24.Qh4 Qg6 25.Rd3 Be6 26.Ra3 Bxd5 27.cxd5 Kb8 
28.Rc1 Qd6 29.Ra5 Rc8 30.Qh3 e4 31.Qxf5 e3 32.Qf7 Qg6+ 33.Qxg6 hxg6 34.
Rb5+ Ka8 35.Rbxc5 Rxc5 36.Rxc5 e2 37.Rc1 d3 0-1

[Event "Hotel Montesano Open A"]
[Site "Villa San Giovanni ITA"]
[Date "2005.08.15"]
[Round "9"]
[White "Sardo, Gabriele"]
[Black "Caracci, Giuseppe"]
[Result "0-1"]
[WhiteElo "2222"]
[BlackElo "2064"]
[PlyCount "84"]
[EventDate "2005.08.07"]

1.d4 d5 2.c4 c6 3.Nf3 e6 4.e3 f5 5.Be2 Nf6 6.O-O Bd6 7.b3 O-O 8.Ba3 Qe7 9.
Bxd6 Qxd6 10.Ne5 Nbd7 11.Nxd7 Bxd7 12.Nc3 Be8 13.c5 Qe7 14.f4 Bg6 15.b4 
Qf7 16.Rb1 Bh5 17.Bxh5 Nxh5 18.b5 Nf6 19.Qe2 Qd7 20.bxc6 bxc6 21.Rb3 Rab8 
22.Rfb1 Rxb3 23.Rxb3 Rc8 24.Qa6 Rc7 25.Rb8+ Kf7 26.Ne2 Ng4 27.Rb3 Ke7 28.
h3 Nh6 29.Nc1 Nf7 30.Rb8 g6 31.Nd3 Kf6 32.g4 Kg7 33.g5 Qe7 34.Kf2 h5 35.
gxh6+ Kxh6 36.Kg3 Kh5 37.Nf2 Kh6 38.h4 e5 39.dxe5 Nxe5 40.fxe5 Qxe5+ 41.
Kf3 Re7 42.Qd3 Qxb8 0-1

[Event "Hotel Montesano Open A"]
[Site "Villa San Giovanni ITA"]
[Date "2005.08.15"]
[Round "9"]
[White "Sarno, Spartaco"]
[Black "Cordi', Domenico"]
[Result "1-0"]
[WhiteElo "2371"]
[BlackElo "2086"]
[PlyCount "65"]
[EventDate "2005.08.07"]

1.e4 e5 2.Nf3 d6 3.d4 Nd7 4.Bc4 c6 5.O-O Be7 6.Qe2 h6 7.dxe5 dxe5 8.Rd1 
Qc7 9.a4 Ngf6 10.Nbd2 Nf8 11.Nf1 Be6 12.Ng3 g6 13.h3 Bxc4 14.Qxc4 N6d7 15.
Be3 Ne6 16.Qc3 Bf6 17.Rd3 Bg7 18.Rad1 Rd8 19.a5 b6 20.b4 c5 21.bxc5 bxc5 
22.Nd2 O-O 23.Nc4 Kh7 24.Qa3 Nd4 25.c3 Nc2 26.Qa4 Nxe3 27.Rxd7 Nxc4 28.
Rxc7 Nb2 29.Rxd8 Nxa4 30.Rxf8 Bxf8 31.Rxf7+ Kg8 32.Rxa7 Nxc3 33.Rb7 1-0

[Event "Hotel Montesano Open A"]
[Site "Villa San Giovanni ITA"]
[Date "2005.08.15"]
[Round "9"]
[White "Seminara, Antonio"]
[Black "Pattarello, Pierluigi"]
[Result "1-0"]
[WhiteElo "1907"]
[BlackElo "2006"]
[PlyCount "97"]
[EventDate "2005.08.07"]

1.d4 Nf6 2.Bg5 e6 3.e3 d5 4.c3 c5 5.Nd2 Nc6 6.Bd3 Bd7 7.f4 Be7 8.h3 Qb6 9.
Rb1 Rc8 10.Ngf3 h6 11.Bh4 cxd4 12.exd4 Nh5 13.g3 Qc7 14.Ne5 Nxf4 15.gxf4 
Bxh4+ 16.Kf1 Nxe5 17.fxe5 O-O 18.Qh5 Bg5 19.Nf3 g6 20.Qg4 f5 21.Qg3 Kg7 
22.Rg1 Be8 23.Nxg5 hxg5 24.Qxg5 Qd8 25.Kf2 Rh8 26.Qxd8 Rxd8 27.Rh1 Rh4 28.
Rbg1 Bf7 29.Rg5 Rdh8 30.Kg3 R8h5 31.Rxh5 Rxh5 32.h4 g5 33.Be2 gxh4+ 34.
Rxh4 Rxh4 35.Kxh4 Kh6 36.b3 a6 37.c4 dxc4 38.bxc4 Bg8 39.c5 Bf7 40.Bf3 Be8
41.Bxb7 Bh5 42.Bxa6 Bf3 43.Bc8 Bd5 44.Bd7 f4 45.c6 f3 46.Kg3 Kg5 47.c7 f2 
48.Kxf2 Bb7 49.Bxe6 1-0

[Event "Hotel Montesano Open A"]
[Site "Villa San Giovanni ITA"]
[Date "2005.08.15"]
[Round "9"]
[White "Sgro', Ezio"]
[Black "Bartolozzi, Roberto"]
[Result "1/2-1/2"]
[WhiteElo "1826"]
[BlackElo "2126"]
[PlyCount "207"]
[EventDate "2005.08.07"]

1.e4 e6 2.d4 d5 3.Nd2 Nf6 4.e5 Nfd7 5.Bd3 c5 6.c3 b6 7.Ne2 Ba6 8.Nf3 Bxd3 
9.Qxd3 c4 10.Qc2 b5 11.O-O Be7 12.Bd2 Na6 13.h3 Nc7 14.Nh2 h5 15.f4 g6 16.
Nf3 h4 17.a4 a6 18.Rfb1 Nb6 19.axb5 axb5 20.b4 cxb3 21.Qxb3 Nc4 22.Be1 Kd7
23.Nc1 Qb8 24.Nd3 Qb6 25.Nc5+ Kc6 26.Qb4 Na6 27.Na4 Nxb4 28.Nxb6 Rxa1 29.
Rxa1 Kxb6 30.cxb4 Ne3 31.Rc1 Nc4 32.Kf1 Ne3+ 33.Kf2 Nf5 34.Ke2 Ra8 35.Rc2 
Ra3 36.Rb2 Kb7 37.Bf2 Ra4 38.Be1 Bd8 39.Bf2 Be7 40.Be1 Bd8 41.Bf2 Ra3 42.
Kd2 Be7 43.Ke2 Ra4 44.Be1 Kc7 45.Rc2+ Kd7 46.Rb2 Ra1 47.Kd2 Ra4 48.Ke2 Bd8
49.Kd2 Bb6 50.Bf2 Ra1 51.Kc2 Rf1 52.Kc3 Ng3 53.Bxg3 hxg3 54.Ra2 Rc1+ 55.
Rc2 Ra1 56.Rb2 Bd8 57.Kb3 Be7 58.Kc3 Rc1+ 59.Kb3 Rc4 60.Ka3 Bf8 61.Rb3 Bh6
62.Ng5 Bxg5 63.fxg5 Rxd4 64.Rf3 Ke7 65.Kb3 Re4 66.Kc3 Rxe5 67.Kd4 Rxg5 68.
Ra3 Kd6 69.Ra6+ Kc7 70.Ra7+ Kc6 71.Rxf7 e5+ 72.Kd3 Rf5 73.Rg7 Rf6 74.Re7 
e4+ 75.Kd4 Rd6 76.h4 Rd8 77.Re6+ Rd6 78.Re7 Kb6 79.Re8 Kc7 80.Re7+ Kd8 81.
Re5 Kd7 82.Rg5 Ke7 83.Rxg3 Kf6 84.Rg5 Re6 85.Rg3 Kf5 86.Re3 Kf4 87.g3+ Kf5
88.Kxd5 Re8 89.Kc5 Rb8 90.Re1 Ke5 91.g4 Kf4 92.h5 gxh5 93.gxh5 e3 94.Rf1+ 
Kg3 95.h6 e2 96.Ra1 Kf2 97.h7 e1=Q 98.Rxe1 Kxe1 99.h8=Q Rxh8 100.Kxb5 Kd2 
101.Kc6 Kc3 102.b5 Rh6+ 103.Kc7 Rh7+ 104.Kc6 1/2-1/2

[Event "Hotel Montesano Open A"]
[Site "Villa San Giovanni ITA"]
[Date "2005.08.15"]
[Round "9"]
[White "Tricomi, Massimo"]
[Black "Tomaselli, Maurizio"]
[Result "1/2-1/2"]
[WhiteElo "1943"]
[BlackElo "2065"]
[PlyCount "22"]
[EventDate "2005.08.07"]

1.h4 h5 2.a4 a5 3.Nh3 Nh6 4.Na3 Na6 5.g3 g6 6.Bg2 Bg7 7.O-O O-O 8.d3 d6 9.
Bxh6 Bxh3 10.Bxg7 Bxg2 11.Kxg2 Kxg7 1/2-1/2

[Event "Hotel Montesano Open A"]
[Site "Villa San Giovanni ITA"]
[Date "2005.08.15"]
[Round "9"]
[White "Vespia, Gianmarco"]
[Black "Tirrito, Luca"]
[Result "1/2-1/2"]
[WhiteElo "2003"]
[BlackElo "2140"]
[PlyCount "115"]
[EventDate "2005.08.07"]

1.e4 e5 2.Nf3 d6 3.Bc4 Be7 4.Nc3 Nf6 5.d3 O-O 6.h3 c6 7.Bb3 Na6 8.O-O Nc5 
9.Be3 Nxb3 10.axb3 b6 11.d4 Qc7 12.d5 Bb7 13.Bg5 c5 14.Nb5 Qb8 15.Nh4 Nxd5
16.Bxe7 Nxe7 17.Qxd6 Qxd6 18.Nxd6 Bc6 19.f3 g6 20.Rfd1 Rfd8 21.g3 f6 22.
Nc4 b5 23.Na5 Kf7 24.c3 Ke6 25.Ng2 Rac8 26.Nxc6 Rxd1+ 27.Rxd1 Rxc6 28.Ne3 
c4 29.bxc4 bxc4 30.Kf1 Rc5 31.Ra1 a5 32.Ra4 Nc6 33.Rxc4 Kd6 34.Ke2 Rb5 35.
Nd1 Nd8 36.Kd3 Ne6 37.h4 Nc5+ 38.Kc2 f5 39.b4 axb4 40.Rxb4 Ra5 41.Nb2 Ra6 
42.Nc4+ Ke6 43.Rb5 Nd7 44.Kd3 Ra1 45.exf5+ gxf5 46.g4 fxg4 47.fxg4 Rh1 48.
h5 Rg1 49.Ne3 Nf6 50.Rb6+ Kf7 51.Rb7+ Ke6 52.Ke2 Rg3 53.Rg7 Nxh5 54.Rxh7 
Nf6 55.Rg7 Ne4 56.c4 Kf6 57.Ra7 Ke6 58.Ra6+ 1/2-1/2